000
00290nam a2200121Ia 4500
008
190722s9999 xx 000 0 und d
020
_a
978-81-203-4821-9
100
_a
Subhash Chandra Das
245
0
_a
Corporate Governance
260
_a
New Delhi
_b
PHI
_c
2013
300
_a
386
942
_c
BK
999
_c
875
_d
875